000 00736nam a22001337a 4500
040 _cRUA
082 _aAVM RAN 2009 B090 Or.1
100 _aRAN, CHANNANG.
245 _aeffect pf isomg dry grounut leaves for growing pigs in pearang district prey veng province (ប្រសិទ្ធភាពនៃការប្រើប្រាស់ម្សៅស្លឹកសណ្ថែកដីទៅលើការលូតលាស់របស់ជ្រូកសាច់នៅស្រុកពារាំង ខេត្តព្រៃវែង)
260 _aPhnom Penh
_bRUA
_c2009
300 _avii, 47p.
_bill.
_c29cm.
856 _uhttps://drive.google.com/file/d/1qkLPh8CrtbwOSLs58aBwB-njRlxjGkNW/view?usp=sharing
942 _cAVM
999 _c2443
_d2443